000 00681nam a2200253Ia 4500
003 OSt
005 20220918165435.0
006 a|||||r|||| 00| 0
007 ta
008 220917b |||||||| |||| 00| 0 eng d
020 _a7181 0637 7
024 _a18,802
037 _cTextual
040 _aARTS
_cARTS
_beng
041 _2eng
_aeng
082 _aO111,2J64x, L1
100 _aShakespeare William
_9226
245 0 _aQuotations ed by Peter Qunnell
260 _aLondon
_bMichael Joseph Ltd. UK
_c1971
300 _a279p.
_ccm.
650 _aENGLISH LITERATURE
942 _hO111,2J64x, L1
_cTEXL
_2CC
999 _c129786
_d129786